Ľúbostný trojuholník Filmy týždňa

Bibliographic Details
Main Author: Kincelová, Emília (Author)
Format: Article
Language:Slovak
Subjects:

MARC

LEADER 00000nab a2200000 a 4500
001 vtls000373922
003 SK-MaSNL
005 20260302223959.0
008 111202c1990 xo 0 slo
015 |a SNBRB19rr/mm-uuuuu 
035 |a CL0374044 
040 |a SNKBUCL  |b slo  |c SNKBUCL  |e AACR2 
041 0 |a slo 
044 |a xo  |c SK 
080 |a 791.43(44)  |2 1981 
100 1 |a Kincelová, Emília  |4 aut  |9 845375 
245 1 0 |a Ľúbostný trojuholník  |b Filmy týždňa  |c E. Kincelová ; Jacques Deray 
500 |a (Réžia Jacques Deray.) 
650 0 7 |a Bolesť lásky (film)  |2 snkbucl  |9 954496 
655 7 |a články z novín a časopisov  |2 snkbucl  |9 267496 
773 0 |t Práca  |g Roč. 45, č. 28 (2. 2. 1990), s. 6 
850 |a Slovenská národná knižnica v Martine  |a MTA001 
852 |a SNK  |b KIS3GCP 
958 |a RK 
992 |a RBX 
999 |c 1522467  |d 1524397